[Event "DEM U12w 2021"]
[Site "Willingen GER"]
[Date "2021.08.24"]
[Round "3"]
[White "Woiteck, Sophia"]
[Black "Krasikova, Milana"]
[Result "0-1"]
[Termination "normal"]
[Board "16"]
[WhiteElo "1293"]
[BlackElo "1244"]
[WhiteClock "00:03:24"]
[BlackClock "00:10:49"]
[PlyCount "68"]
[WhiteFideId "34608753"]
[BlackFideId "16287347"]
[EventCountry "GER"]
[EventRounds "9"]
[EventType "swiss"]
[EventDate "2021.08.22"]

1. e4 {[%clk 1:30:54]} e5 {[%clk 1:30:55]} 2. Nc3 {[%clk 1:31:09]} Nf6 {[%clk
1:31:16]} 3. f4 {[%clk 1:31:15]} d6 {[%clk 1:30:22]} 4. Nf3 {[%clk 1:28:14]}
Nc6 {[%clk 1:24:21]} 5. Bc4 {[%clk 1:24:07]} Be6 {[%clk 1:20:03]} 6. Bxe6
{[%clk 1:12:16]} fxe6 {[%clk 1:18:27]} 7. d4 {[%clk 1:03:10]} exd4 {[%clk
1:07:36]} 8. Nxd4 {[%clk 1:02:57]} e5 {[%clk 1:01:14]} 9. Nxc6 {[%clk 1:02:36]}
bxc6 {[%clk 1:00:13]} 10. fxe5 {[%clk 0:57:15]} dxe5 {[%clk 0:54:31]} 11. Qxd8+
{[%clk 0:56:43]} Rxd8 {[%clk 0:54:35]} 12. Bg5 {[%clk 0:41:41]} Rd4 {[%clk
0:39:39]} 13. Bxf6 {[%clk 0:36:52]} gxf6 {[%clk 0:38:44]} 14. Rf1 {[%clk
0:33:13]} Kf7 {[%clk 0:28:51]} 15. Rd1 {[%clk 0:30:50]} Bb4 {[%clk 0:24:22]}
16. Rd3 {[%clk 0:29:45]} Rxe4+ {[%clk 0:21:18]} 17. Kd1 {[%clk 0:27:26]} Bxc3
{[%clk 0:21:09]} 18. bxc3 {[%clk 0:26:36]} Ke6 {[%clk 0:20:11]} 19. Rdf3 {[%clk
0:23:52]} Rf8 {[%clk 0:17:57]} 20. Rh3 {[%clk 0:22:42]} Rf7 {[%clk 0:17:06]}
21. Kd2 {[%clk 0:14:34]} f5 {[%clk 0:15:11]} 22. Rh6+ {[%clk 0:03:52]} Kd5
{[%clk 0:14:10]} 23. Rh5 {[%clk 0:00:50]} f4 {[%clk 0:13:41]} 24. g3 {[%clk
0:01:14]} f3 {[%clk 0:13:39]} 25. Kd3 {[%clk 0:01:40]} f2 {[%clk 0:12:47]} 26.
Kd2 {[%clk 0:02:00]} Kc4 {[%clk 0:12:05]} 27. Rh6 {[%clk 0:02:13]} Rd7+ {[%clk
0:12:09]} 28. Kc1 {[%clk 0:02:25]} Re1+ {[%clk 0:12:07]} 29. Kb2 Rxf1 {[%clk
0:11:54]} 30. Rxc6+ {[%clk 0:02:58]} Kb5 {[%clk 0:11:19]} 31. Re6 {[%clk
0:03:05]} Re1 {[%clk 0:11:35]} 32. a4+ {[%clk 0:03:01]} Ka5 {[%clk 0:10:20]}
33. Rf6 {[%clk 0:03:04]} f1=Q {[%clk 0:10:31]} 34. Rxf1 {[%clk 0:03:24]} Rxf1
{[%clk 0:10:49]} 0-1

[Event "DEM U12w 2021"]
[Site "Willingen GER"]
[Date "2021.08.24"]
[Round "3"]
[White "Richter, Johanna"]
[Black "Niederdorfer, Mathilda"]
[Result "1-0"]
[Termination "normal"]
[Board "17"]
[WhiteElo "1155"]
[BlackElo "1264"]
[WhiteClock "00:22:28"]
[BlackClock "00:39:26"]
[PlyCount "79"]
[WhiteFideId "16278925"]
[BlackFideId "16275845"]
[EventCountry "GER"]
[EventRounds "9"]
[EventType "swiss"]
[EventDate "2021.08.22"]

1. d4 {[%clk 1:30:58]} d5 {[%clk 1:30:56]} 2. c4 {[%clk 1:31:22]} e6 {[%clk
1:31:18]} 3. Nc3 {[%clk 1:31:45]} f5 {[%clk 1:31:18]} 4. cxd5 {[%clk 1:29:56]}
exd5 {[%clk 1:31:40]} 5. Nf3 {[%clk 1:29:26]} Nf6 {[%clk 1:30:01]} 6. Bg5
{[%clk 1:28:42]} c6 {[%clk 1:27:36]} 7. e3 {[%clk 1:26:26]} Bd6 {[%clk
1:26:35]} 8. Bd3 {[%clk 1:25:24]} O-O {[%clk 1:25:04]} 9. O-O {[%clk 1:25:20]}
Qe8 {[%clk 1:18:36]} 10. Re1 {[%clk 1:22:03]} Ne4 {[%clk 1:14:03]} 11. Bf4
{[%clk 1:19:25]} Qg6 {[%clk 0:58:29]} 12. Nh4 {[%clk 1:09:04]} Qf6 {[%clk
0:55:35]} 13. Bxd6 {[%clk 1:05:50]} Qxd6 {[%clk 0:54:01]} 14. Qc2 {[%clk
1:00:40]} Rf6 {[%clk 0:48:45]} 15. Nf3 {[%clk 0:52:46]} Rh6 {[%clk 0:47:10]}
16. h3 {[%clk 0:49:39]} g5 {[%clk 0:47:27]} 17. Bxe4 {[%clk 0:40:38]} dxe4 18.
Nxg5 {[%clk 0:35:11]} Qg6 {[%clk 0:46:39]} 19. Qb3+ {[%clk 0:35:19]} Be6 {[%clk
0:47:00]} 20. Nxe6 {[%clk 0:35:34]} Qxe6 {[%clk 0:47:21]} 21. Qxe6+ {[%clk
0:36:00]} Rxe6 {[%clk 0:47:44]} 22. f3 exf3 {[%clk 0:46:51]} 23. gxf3 {[%clk
0:35:29]} Rg6+ {[%clk 0:47:08]} 24. Kf2 {[%clk 0:35:49]} Nd7 {[%clk 0:47:19]}
25. Rg1 {[%clk 0:35:35]} Re8 {[%clk 0:45:46]} 26. a3 {[%clk 0:32:03]} Nf6
{[%clk 0:43:21]} 27. Rxg6+ {[%clk 0:30:48]} hxg6 {[%clk 0:43:38]} 28. Re1
{[%clk 0:30:55]} g5 {[%clk 0:43:45]} 29. Rg1 {[%clk 0:30:28]} Nh7 {[%clk
0:40:28]} 30. h4 {[%clk 0:30:11]} Re7 {[%clk 0:40:24]} 31. hxg5 {[%clk
0:30:09]} Rg7 {[%clk 0:40:46]} 32. f4 {[%clk 0:30:29]} Nf8 {[%clk 0:41:05]} 33.
Rh1 {[%clk 0:30:16]} Ne6 {[%clk 0:41:21]} 34. Rh6 {[%clk 0:29:02]} Nf8 {[%clk
0:40:35]} 35. Ne2 {[%clk 0:25:05]} a5 {[%clk 0:39:10]} 36. b3 {[%clk 0:23:29]}
Nd7 {[%clk 0:38:51]} 37. Ng3 {[%clk 0:22:58]} Nf8 {[%clk 0:39:10]} 38. Nxf5
{[%clk 0:22:42]} Rf7 {[%clk 0:39:12]} 39. Nd6 {[%clk 0:22:28]} Rg7 {[%clk
0:39:26]} 40. Nc4 1-0

[Event "DEM U12w 2021"]
[Site "Willingen GER"]
[Date "2021.08.24"]
[Round "3"]
[White "Hoffmann, Svenja"]
[Black "Abram, Kristina-Maria"]
[Result "1-0"]
[Termination "normal"]
[Board "18"]
[WhiteElo "1307"]
[BlackElo "1009"]
[WhiteClock "01:17:11"]
[BlackClock "00:53:39"]
[PlyCount "75"]
[WhiteFideId "16287312"]
[BlackFideId "16298349"]
[EventCountry "GER"]
[EventRounds "9"]
[EventType "swiss"]
[EventDate "2021.08.22"]

1. e4 {[%clk 1:30:58]} e5 {[%clk 1:30:53]} 2. Nf3 {[%clk 1:31:12]} Nc6 {[%clk
1:31:06]} 3. Bc4 {[%clk 1:31:02]} Be7 {[%clk 1:30:31]} 4. c3 {[%clk 1:29:34]}
Nf6 {[%clk 1:29:43]} 5. d3 {[%clk 1:29:41]} O-O {[%clk 1:29:20]} 6. O-O {[%clk
1:29:32]} d5 {[%clk 1:26:35]} 7. exd5 {[%clk 1:29:20]} Nxd5 {[%clk 1:26:46]} 8.
d4 {[%clk 1:29:44]} exd4 {[%clk 1:23:55]} 9. cxd4 {[%clk 1:29:57]} Re8 {[%clk
1:22:58]} 10. Re1 {[%clk 1:29:56]} Nf6 {[%clk 1:20:11]} 11. Nc3 {[%clk
1:29:45]} Bg4 {[%clk 1:18:24]} 12. Be2 {[%clk 1:29:03]} Bd6 {[%clk 1:16:56]}
13. Be3 {[%clk 1:27:08]} Qd7 {[%clk 1:14:12]} 14. Ng5 {[%clk 1:25:53]} h6
{[%clk 1:12:37]} 15. Bxg4 {[%clk 1:25:39]} Nxg4 {[%clk 1:12:39]} 16. Nf3 {[%clk
1:25:48]} Re7 {[%clk 1:10:53]} 17. h3 {[%clk 1:25:50]} Nf6 {[%clk 1:09:47]} 18.
Qd2 {[%clk 1:25:12]} Rae8 {[%clk 1:09:27]} 19. Re2 {[%clk 1:23:20]} Bb4 {[%clk
1:08:26]} 20. Rae1 {[%clk 1:21:32]} Ne4 {[%clk 1:07:32]} 21. Qc1 {[%clk
1:21:48]} Re6 {[%clk 1:02:50]} 22. d5 {[%clk 1:21:03]} Rg6 {[%clk 1:03:08]} 23.
Kh2 {[%clk 1:20:39]} Qd6+ {[%clk 1:01:02]} 24. Bf4 {[%clk 1:20:19]} Ne5 {[%clk
0:59:00]} 25. Nxe5 {[%clk 1:19:29]} Rxe5 {[%clk 0:59:19]} 26. Rxe4 {[%clk
1:19:20]} Qf6 {[%clk 0:57:59]} 27. Rxe5 {[%clk 1:19:06]} Bd6 {[%clk 0:57:40]}
28. Ne4 {[%clk 1:18:27]} Qh4 {[%clk 0:57:30]} 29. Bg3 {[%clk 1:18:05]} Bxe5
{[%clk 0:57:20]} 30. Bxe5 {[%clk 1:17:43]} f5 {[%clk 0:57:14]} 31. Bg3 {[%clk
1:17:46]} Qh5 {[%clk 0:56:45]} 32. Nd2 {[%clk 1:16:46]} Qg5 {[%clk 0:56:11]}
33. Nf3 {[%clk 1:16:49]} Qf6 {[%clk 0:55:53]} 34. Re6 {[%clk 1:16:44]} Qf7
{[%clk 0:55:24]} 35. Ne5 {[%clk 1:16:47]} Qf8 {[%clk 0:54:51]} 36. Rxg6 {[%clk
1:16:52]} Qe8 {[%clk 0:53:48]} 37. Qxc7 {[%clk 1:17:00]} Qb5 {[%clk 0:53:39]}
38. Qxg7# {[%clk 1:17:11]} 1/2-1/2

[Event "DEM U12w 2021"]
[Site "Willingen GER"]
[Date "2021.08.24"]
[Round "3"]
[White "Stepanjan, Tatevik Mia"]
[Black "Terekhin, Maria"]
[Result "1-0"]
[Termination "normal"]
[Board "19"]
[WhiteElo "1170"]
[BlackElo "1030"]
[WhiteClock "01:02:39"]
[BlackClock "00:33:48"]
[PlyCount "43"]
[WhiteFideId "16246128"]
[BlackFideId "16277422"]
[EventCountry "GER"]
[EventRounds "9"]
[EventType "swiss"]
[EventDate "2021.08.22"]

1. e4 {[%clk 1:30:57]} e5 {[%clk 1:30:56]} 2. Nf3 {[%clk 1:31:06]} Nc6 {[%clk
1:31:20]} 3. Bb5 {[%clk 1:30:53]} a6 {[%clk 1:31:41]} 4. Ba4 {[%clk 1:31:02]}
Nf6 {[%clk 1:32:06]} 5. d3 {[%clk 1:31:06]} b5 {[%clk 1:32:00]} 6. Bb3 {[%clk
1:31:19]} Bc5 {[%clk 1:31:59]} 7. O-O {[%clk 1:31:31]} d6 {[%clk 1:32:16]} 8.
Bg5 {[%clk 1:31:08]} h6 {[%clk 1:32:28]} 9. Bh4 {[%clk 1:31:19]} g5 {[%clk
1:31:04]} 10. Bg3 {[%clk 1:30:37]} Bg4 {[%clk 1:30:50]} 11. c3 {[%clk 1:28:47]}
Bb6 {[%clk 1:30:56]} 12. Nbd2 {[%clk 1:26:40]} h5 {[%clk 1:30:29]} 13. h3
{[%clk 1:25:54]} Bxf3 {[%clk 1:23:10]} 14. Nxf3 {[%clk 1:24:14]} h4 {[%clk
1:09:55]} 15. Bh2 Nh5 {[%clk 1:03:54]} 16. d4 {[%clk 1:17:17]} f6 {[%clk
1:01:12]} 17. a4 {[%clk 1:12:28]} Ke7 {[%clk 0:47:35]} 18. Ba2 {[%clk 1:07:45]}
Nf4 {[%clk 0:44:17]} 19. Bxf4 {[%clk 1:06:39]} gxf4 {[%clk 0:36:27]} 20. Qb3
{[%clk 1:04:12]} Qe8 {[%clk 0:34:52]} 21. Qe6+ {[%clk 1:03:01]} Kf8 {[%clk
0:33:48]} 22. Qxf6+ {[%clk 1:02:39]} 1-0

[Event "DEM U12w 2021"]
[Site "Willingen GER"]
[Date "2021.08.24"]
[Round "3"]
[White "Vogt, Luna"]
[Black "Chandrasekher, Ritu"]
[Result "0-1"]
[Termination "normal"]
[Board "20"]
[WhiteElo "1147"]
[BlackElo "1197"]
[WhiteClock "00:18:01"]
[BlackClock "00:58:44"]
[PlyCount "42"]
[WhiteFideId "34607153"]
[BlackFideId "34609024"]
[EventCountry "GER"]
[EventRounds "9"]
[EventType "swiss"]
[EventDate "2021.08.22"]

1. e4 {[%clk 1:30:57]} e5 {[%clk 1:30:55]} 2. Nf3 {[%clk 1:31:22]} Nc6 {[%clk
1:31:19]} 3. Bc4 {[%clk 1:31:39]} Bc5 {[%clk 1:31:44]} 4. d3 {[%clk 1:31:47]}
Nf6 {[%clk 1:31:36]} 5. c3 {[%clk 1:31:48]} O-O {[%clk 1:31:46]} 6. O-O {[%clk
1:31:58]} h6 {[%clk 1:31:57]} 7. Nbd2 {[%clk 1:31:55]} d6 {[%clk 1:31:43]} 8.
a4 {[%clk 1:32:12]} a5 {[%clk 1:31:53]} 9. h3 {[%clk 1:32:23]} Re8 {[%clk
1:32:04]} 10. Re1 {[%clk 1:32:14]} Be6 {[%clk 1:32:21]} 11. Bb3 {[%clk
1:32:17]} d5 {[%clk 1:31:24]} 12. Qc2 {[%clk 1:30:57]} d4 {[%clk 1:28:35]} 13.
Nc4 {[%clk 1:19:27]} Nd7 {[%clk 1:23:10]} 14. Ba2 {[%clk 1:08:23]} Qf6 {[%clk
1:20:56]} 15. Qb3 {[%clk 1:04:03]} Bb6 {[%clk 1:15:12]} 16. Qb5 {[%clk
0:59:56]} Bxh3 {[%clk 1:12:35]} 17. Nfxe5 {[%clk 0:42:00]} Ndxe5 {[%clk
1:08:17]} 18. Nxb6 {[%clk 0:39:43]} Qg6 {[%clk 1:02:45]} 19. g3 {[%clk
0:30:33]} cxb6 {[%clk 1:00:23]} 20. Kh1 {[%clk 0:27:47]} Qg4 {[%clk 0:58:44]}
21. Bxf7+ {[%clk 0:18:01]} Kh8 0-1

[Event "DEM U12w 2021"]
[Site "Willingen GER"]
[Date "2021.08.25"]
[Round "4"]
[White "Sickmann, Lisa"]
[Black "Wartenberg, Alissa"]
[Result "1-0"]
[Termination "normal"]
[Board "1"]
[WhiteElo "1462"]
[BlackElo "1562"]
[WhiteClock "00:35:29"]
[BlackClock "00:04:42"]
[PlyCount "55"]
[WhiteFideId "16267818"]
[BlackFideId "16280741"]
[EventCountry "GER"]
[EventRounds "9"]
[EventType "swiss"]
[EventDate "2021.08.22"]

1. e4 {[%clk 1:30:57]} e5 {[%clk 1:30:56]} 2. Nf3 {[%clk 1:31:22]} Nc6 {[%clk
1:31:24]} 3. Bb5 {[%clk 1:31:47]} a6 {[%clk 1:31:47]} 4. Ba4 {[%clk 1:32:15]}
Nf6 {[%clk 1:32:09]} 5. d3 {[%clk 1:32:40]} b5 {[%clk 1:32:01]} 6. Bb3 {[%clk
1:33:03]} h6 {[%clk 1:18:19]} 7. c3 {[%clk 1:29:21]} d5 {[%clk 1:11:05]} 8.
exd5 {[%clk 1:25:21]} Nxd5 {[%clk 1:11:07]} 9. Qe2 {[%clk 1:24:06]} Qd6 {[%clk
1:07:25]} 10. d4 {[%clk 1:20:25]} Bg4 {[%clk 0:57:39]} 11. dxe5 {[%clk
1:19:48]} Qe6 {[%clk 0:52:05]} 12. O-O {[%clk 1:16:26]} O-O-O {[%clk 0:44:43]}
13. Re1 {[%clk 1:10:01]} Bxf3 {[%clk 0:40:32]} 14. Qxf3 {[%clk 1:10:18]} Nxe5
{[%clk 0:39:49]} 15. Qd1 {[%clk 0:59:46]} Bc5 {[%clk 0:30:02]} 16. Bf4 {[%clk
0:56:49]} f6 {[%clk 0:27:09]} 17. Qe2 {[%clk 0:54:51]} Nf3+ {[%clk 0:22:49]}
18. gxf3 {[%clk 0:53:15]} Qxe2 {[%clk 0:23:01]} 19. Rxe2 {[%clk 0:53:00]} Nxf4
{[%clk 0:23:25]} 20. Re4 {[%clk 0:44:41]} Nh3+ {[%clk 0:22:21]} 21. Kg2 {[%clk
0:44:21]} Nxf2 {[%clk 0:22:27]} 22. Re6 {[%clk 0:43:02]} Kb7 {[%clk 0:21:05]}
23. a4 {[%clk 0:40:47]} Rhe8 {[%clk 0:18:28]} 24. Bd5+ {[%clk 0:38:55]} Ka7
{[%clk 0:09:30]} 25. Rxe8 {[%clk 0:35:38]} Rxe8 {[%clk 0:09:44]} 26. axb5
{[%clk 0:35:59]} Kb6 {[%clk 0:05:28]} 27. b4 {[%clk 0:35:25]} Be3 {[%clk
0:04:42]} 28. Bc6 {[%clk 0:35:29]} 1-0

[Event "DEM U12w 2021"]
[Site "Willingen GER"]
[Date "2021.08.25"]
[Round "4"]
[White "Müller, Riyanna"]
[Black "Schülke, Rosalie"]
[Result "1-0"]
[Termination "normal"]
[Board "2"]
[WhiteElo "1421"]
[BlackElo "1423"]
[WhiteClock "00:17:34"]
[BlackClock "00:13:48"]
[PlyCount "113"]
[WhiteFideId "16287401"]
[BlackFideId "16287436"]
[EventCountry "GER"]
[EventRounds "9"]
[EventType "swiss"]
[EventDate "2021.08.22"]

1. e4 {[%clk 1:30:56]} e6 {[%clk 1:30:54]} 2. d4 {[%clk 1:31:16]} d5 {[%clk
1:31:16]} 3. e5 {[%clk 1:31:27]} c5 {[%clk 1:31:33]} 4. c3 {[%clk 1:31:12]} Nc6
{[%clk 1:31:49]} 5. Nf3 {[%clk 1:31:00]} Qb6 {[%clk 1:31:54]} 6. a3 {[%clk
1:30:42]} f6 {[%clk 1:31:40]} 7. b4 {[%clk 1:27:37]} c4 {[%clk 1:31:10]} 8. a4
{[%clk 1:21:59]} a6 {[%clk 1:27:57]} 9. g3 {[%clk 1:16:41]} fxe5 {[%clk
1:26:36]} 10. Nxe5 {[%clk 1:15:38]} Nxe5 {[%clk 1:26:06]} 11. dxe5 {[%clk
1:15:00]} Ne7 {[%clk 1:22:50]} 12. Bh3 {[%clk 1:11:10]} Ng6 {[%clk 1:17:28]}
13. Be3 {[%clk 1:08:27]} Qc7 {[%clk 1:15:19]} 14. f4 {[%clk 1:07:10]} a5 {[%clk
1:11:07]} 15. b5 {[%clk 1:03:16]} Bc5 {[%clk 1:08:30]} 16. Qd2 {[%clk 1:01:01]}
O-O {[%clk 1:05:54]} 17. Bd4 {[%clk 0:53:54]} Bd7 {[%clk 1:00:50]} 18. Qe3
{[%clk 0:50:13]} Rac8 {[%clk 0:51:15]} 19. Bxc5 {[%clk 0:47:45]} Qxc5 {[%clk
0:51:27]} 20. Ke2 {[%clk 0:47:23]} Qxe3+ {[%clk 0:48:28]} 21. Kxe3 {[%clk
0:47:36]} h5 {[%clk 0:48:42]} 22. Nd2 {[%clk 0:46:01]} Ne7 {[%clk 0:46:59]} 23.
Nf3 {[%clk 0:44:09]} Kf7 {[%clk 0:40:29]} 24. Ng5+ {[%clk 0:43:03]} Kg6 {[%clk
0:39:10]} 25. Bxe6 {[%clk 0:41:39]} Bxe6 {[%clk 0:36:47]} 26. Nxe6 {[%clk
0:41:38]} Nf5+ {[%clk 0:37:05]} 27. Kf3 {[%clk 0:38:51]} Rfe8 {[%clk 0:36:12]}
28. Nd4 {[%clk 0:37:54]} Nxd4+ {[%clk 0:36:11]} 29. cxd4 {[%clk 0:38:09]} Kf5
{[%clk 0:30:35]} 30. h3 {[%clk 0:35:33]} Kg6 {[%clk 0:30:05]} 31. Rhc1 {[%clk
0:32:14]} b6 {[%clk 0:29:27]} 32. g4 {[%clk 0:31:20]} h4 {[%clk 0:26:24]} 33.
Rc3 {[%clk 0:30:08]} Re7 {[%clk 0:23:29]} 34. Rg1 {[%clk 0:25:11]} Rf8 {[%clk
0:21:37]} 35. Re1 {[%clk 0:20:51]} Ref7 {[%clk 0:19:46]} 36. f5+ {[%clk
0:20:22]} Kg5 {[%clk 0:19:07]} 37. e6 {[%clk 0:19:49]} Re7 {[%clk 0:18:29]} 38.
Re5 {[%clk 0:19:47]} g6 {[%clk 0:16:33]} 39. Rxd5 {[%clk 0:18:37]} gxf5 {[%clk
0:16:32]} 40. Rxf5+ {[%clk 0:17:31]} Rxf5+ {[%clk 0:16:51]} 41. gxf5 {[%clk
0:17:53]} Kxf5 {[%clk 0:16:47]} 42. Rxc4 {[%clk 0:15:17]} Rxe6 {[%clk 0:16:19]}
43. d5 {[%clk 0:15:03]} Rd6 {[%clk 0:16:26]} 44. Rxh4 {[%clk 0:15:07]} Rxd5
{[%clk 0:16:24]} 45. Rh5+ {[%clk 0:15:29]} Ke6 {[%clk 0:16:31]} 46. Rxd5 {[%clk
0:15:49]} Kxd5 {[%clk 0:16:52]} 47. h4 {[%clk 0:16:06]} Kc4 {[%clk 0:17:02]}
48. h5 {[%clk 0:16:27]} Kb4 {[%clk 0:17:08]} 49. h6 {[%clk 0:16:31]} Kxa4
{[%clk 0:17:31]} 50. h7 {[%clk 0:16:53]} Kxb5 {[%clk 0:17:53]} 51. h8=Q {[%clk
0:17:12]} a4 {[%clk 0:17:56]} 52. Ke3 {[%clk 0:17:25]} a3 {[%clk 0:17:42]} 53.
Kd3 {[%clk 0:17:30]} Kb4 {[%clk 0:14:12]} 54. Qc3+ {[%clk 0:16:41]} Ka4 {[%clk
0:14:10]} 55. Kc4 {[%clk 0:16:58]} b5+ {[%clk 0:13:52]} 56. Kc5 {[%clk
0:17:16]} a2 {[%clk 0:13:48]} 57. Qb4# {[%clk 0:17:34]} 1-0

[Event "DEM U12w 2021"]
[Site "Willingen GER"]
[Date "2021.08.25"]
[Round "4"]
[White "Neininger, Sarah"]
[Black "Müller, Cosima"]
[Result "0-1"]
[Termination "normal"]
[Board "3"]
[WhiteElo "1434"]
[BlackElo "1389"]
[WhiteClock "00:43:32"]
[BlackClock "00:56:41"]
[PlyCount "82"]
[WhiteFideId "16287410"]
[BlackFideId "34601490"]
[EventCountry "GER"]
[EventRounds "9"]
[EventType "swiss"]
[EventDate "2021.08.22"]

1. e4 {[%clk 1:30:57]} c5 {[%clk 1:30:57]} 2. Nf3 {[%clk 1:31:16]} d6 {[%clk
1:31:20]} 3. d4 {[%clk 1:31:35]} cxd4 {[%clk 1:31:44]} 4. Nxd4 {[%clk 1:31:58]}
Nf6 {[%clk 1:32:07]} 5. Nc3 {[%clk 1:32:16]} g6 {[%clk 1:32:29]} 6. Be3 {[%clk
1:32:31]} Bg7 {[%clk 1:32:54]} 7. Qd2 {[%clk 1:32:49]} Ng4 {[%clk 1:33:19]} 8.
Bc4 {[%clk 1:32:29]} Nxe3 {[%clk 1:33:41]} 9. Qxe3 {[%clk 1:32:49]} O-O {[%clk
1:33:58]} 10. O-O-O {[%clk 1:32:28]} Nc6 {[%clk 1:34:13]} 11. Nf3 {[%clk
1:32:07]} Bg4 {[%clk 1:34:04]} 12. Kb1 {[%clk 1:31:31]} Qc7 {[%clk 1:33:29]}
13. Rhe1 {[%clk 1:28:36]} Nb4 {[%clk 1:32:23]} 14. Bb3 {[%clk 1:26:19]} Rfc8
{[%clk 1:29:55]} 15. Nd5 {[%clk 1:23:12]} Nxd5 {[%clk 1:24:48]} 16. exd5 {[%clk
1:22:10]} Bf6 {[%clk 1:21:39]} 17. c3 {[%clk 1:17:55]} b5 {[%clk 1:19:13]} 18.
Rc1 {[%clk 1:10:43]} a5 {[%clk 1:13:17]} 19. a4 {[%clk 1:05:37]} bxa4 {[%clk
1:08:33]} 20. Bxa4 {[%clk 1:05:49]} Qc4 {[%clk 1:08:09]} 21. Bc6 {[%clk
1:04:14]} Rab8 {[%clk 1:07:12]} 22. Nd4 {[%clk 1:01:50]} Bxd4 {[%clk 1:06:46]}
23. cxd4 {[%clk 1:01:46]} Qb4 {[%clk 1:06:00]} 24. Qc3 {[%clk 1:00:37]} Bf5+
{[%clk 1:04:26]} 25. Ka1 {[%clk 1:00:51]} e6 {[%clk 1:03:04]} 26. Qxb4 {[%clk
0:59:46]} Rxb4 {[%clk 1:02:53]} 27. Rc3 {[%clk 0:59:33]} Rxd4 {[%clk 1:02:41]}
28. Bb7 {[%clk 0:54:28]} Rb8 {[%clk 0:58:32]} 29. Bc6 {[%clk 0:50:58]} exd5
{[%clk 0:58:13]} 30. Ra3 {[%clk 0:48:58]} Rb6 {[%clk 0:57:39]} 31. Ba8 {[%clk
0:46:50]} Rbb4 {[%clk 0:56:49]} 32. b3 {[%clk 0:45:58]} Bc2 {[%clk 0:55:48]}
33. Rxa5 {[%clk 0:45:26]} Bxb3 {[%clk 0:55:12]} 34. Re8+ {[%clk 0:44:40]} Kg7
{[%clk 0:55:23]} 35. Rd8 {[%clk 0:44:34]} Ra4+ {[%clk 0:55:27]} 36. Rxa4 {[%clk
0:44:55]} Rxa4+ {[%clk 0:55:19]} 37. Kb2 {[%clk 0:44:32]} Bc4 {[%clk 0:55:35]}
38. Rxd6 {[%clk 0:43:50]} Rxa8 {[%clk 0:55:51]} 39. Kc3 {[%clk 0:43:13]} Ra2
{[%clk 0:56:04]} 40. g4 {[%clk 0:43:15]} Rxf2 {[%clk 0:56:27]} 41. h4 {[%clk
0:43:32]} Rf4 {[%clk 0:56:41]} 0-1

[Event "DEM U12w 2021"]
[Site "Willingen GER"]
[Date "2021.08.25"]
[Round "4"]
[White "Lorenz, Veronika"]
[Black "Stasaitis, Paulina"]
[Result "1-0"]
[Termination "normal"]
[Board "4"]
[WhiteElo "1395"]
[BlackElo "1321"]
[WhiteClock "01:14:13"]
[BlackClock "00:51:37"]
[PlyCount "59"]
[WhiteFideId "16277406"]
[BlackFideId "34606165"]
[EventCountry "GER"]
[EventRounds "9"]
[EventType "swiss"]
[EventDate "2021.08.22"]

1. e4 {[%clk 1:30:53]} c6 {[%clk 1:30:53]} 2. d4 {[%clk 1:31:14]} d5 {[%clk
1:31:17]} 3. exd5 {[%clk 1:31:19]} cxd5 {[%clk 1:31:35]} 4. c4 {[%clk 1:31:27]}
Nf6 {[%clk 1:31:46]} 5. Nc3 {[%clk 1:31:33]} e6 {[%clk 1:31:51]} 6. Nf3 {[%clk
1:31:28]} Nc6 {[%clk 1:31:16]} 7. c5 {[%clk 1:31:01]} b6 {[%clk 1:30:43]} 8.
Bb5 {[%clk 1:30:54]} Bd7 {[%clk 1:30:12]} 9. b4 {[%clk 1:26:45]} a5 {[%clk
1:29:47]} 10. Bxc6 {[%clk 1:25:47]} Bxc6 {[%clk 1:29:49]} 11. b5 {[%clk
1:25:53]} Bxb5 {[%clk 1:26:16]} 12. Nxb5 {[%clk 1:25:40]} bxc5 {[%clk 1:26:32]}
13. Qa4 {[%clk 1:24:31]} Qd7 {[%clk 1:25:40]} 14. Ne5 {[%clk 1:20:10]} Qd8
{[%clk 1:08:59]} 15. Nc7+ {[%clk 1:17:41]} Ke7 {[%clk 1:04:52]} 16. Nc6+ {[%clk
1:17:44]} Kd7 {[%clk 1:04:02]} 17. Nxd8+ {[%clk 1:17:56]} Kxc7 {[%clk 1:03:59]}
18. Qc6+ {[%clk 1:17:38]} Kxd8 {[%clk 1:03:52]} 19. Qxa8+ {[%clk 1:17:58]} Kd7
{[%clk 1:03:33]} 20. dxc5 {[%clk 1:18:00]} Ne8 {[%clk 1:00:58]} 21. c6+ {[%clk
1:17:20]} Ke7 {[%clk 1:00:56]} 22. Ba3+ {[%clk 1:16:33]} Nd6 {[%clk 1:00:15]}
23. c7 {[%clk 1:15:55]} Kd7 {[%clk 0:59:43]} 24. Qd8+ {[%clk 1:15:27]} Kc6
{[%clk 0:59:02]} 25. Bxd6 {[%clk 1:14:16]} Bxd6 {[%clk 0:57:57]} 26. c8=Q+
{[%clk 1:14:17]} Kb5 {[%clk 0:51:43]} 27. Rb1+ {[%clk 1:14:07]} Bb4+ {[%clk
0:51:49]} 28. Rxb4+ {[%clk 1:14:13]} Kxb4 {[%clk 0:51:46]} 29. Qb6+ {[%clk
1:14:13]} Ka4 {[%clk 0:51:37]} 30. Qb3# 1-0